Tensor numerical methods in quantum chemistry (Record no. 1214415)

MARC details
000 -LEADER
fixed length control field 01082nam a2200313Ia 4500
003 - CONTROL NUMBER IDENTIFIER
control field OSt
005 - DATE AND TIME OF LATEST TRANSACTION
control field 20221007124936.0
008 - FIXED-LENGTH DATA ELEMENTS--GENERAL INFORMATION
fixed length control field 221006b |||||||| |||| 00| 0 eng d
020 ## - INTERNATIONAL STANDARD BOOK NUMBER
International Standard Book Number 9783110370157 (HBK)
037 ## - SOURCE OF ACQUISITION
Terms of availability Textual
040 ## - CATALOGING SOURCE
Original cataloging agency CDL
Transcribing agency CDL
Language of cataloging eng
041 ## - LANGUAGE CODE
Source of code eng
Language code of text/sound track or separate title eng
100 ## - MAIN ENTRY--PERSONAL NAME
Personal name Khoromskaia Venera
9 (RLIN) 721077
245 #0 - TITLE STATEMENT
Title Tensor numerical methods in quantum chemistry
Remainder of title Khoromskij Boris N
260 ## - PUBLICATION, DISTRIBUTION, ETC.
Place of publication, distribution, etc. Berlin
Name of publisher, distributor, etc. De Gruyter
Date of publication, distribution, etc. 2018
300 ## - PHYSICAL DESCRIPTION
Extent viii,289p. ill
Dimensions cm.
500 ## - GENERAL NOTE
General note Bibliography 271-285p.; Index 264-289p.
650 ## - SUBJECT ADDED ENTRY--TOPICAL TERM
Topical term or geographic name entry element Multilinear algebra
9 (RLIN) 721078
650 ## - SUBJECT ADDED ENTRY--TOPICAL TERM
Topical term or geographic name entry element Multiplicative tensor formats
9 (RLIN) 721079
650 ## - SUBJECT ADDED ENTRY--TOPICAL TERM
Topical term or geographic name entry element Tensor decomposition
9 (RLIN) 721080
650 ## - SUBJECT ADDED ENTRY--TOPICAL TERM
Topical term or geographic name entry element Chemistry
700 ## - ADDED ENTRY--PERSONAL NAME
Personal name Khoromskij Boris N
9 (RLIN) 721081
942 ## - ADDED ENTRY ELEMENTS (KOHA)
Classification part E:(CN1), Q8 Carc
Koha item type Textual
Source of classification or shelving scheme Colon Classification (CC)
Holdings
Withdrawn status Lost status Source of classification or shelving scheme Damaged status Not for loan Home library Current library Date acquired Source of acquisition Total Checkouts Full call number Barcode Date last seen Price effective from Koha item type
    Colon Classification (CC)     Department of Chemistry Library Department of Chemistry Library 2022-10-07 5462, 10/06/2019, Ashutosh Technical Books   E:(CN1) Q8 Carc CD0009374 2022-10-07 2022-10-07 Textual
Copyright @ Delhi University Library System